An anthology of writings on the Ganga : (Record no. 91273)

MARC details
000 -LEADER
fixed length control field 00988nam a22002657a 4500
005 - DATE AND TIME OF LATEST TRANSACTION
control field 20150313152740.0
010 ## - LCCN (DPL NO)
LC control number ENG-112114
020 ## - INTERNATIONAL STANDARD BOOK NUMBER
International Standard Book Number 9780198089643
Terms of availability 895.00
035 ## - SYSTEM CONTROL NUMBER
System control number EN-95646
037 ## - SOURCE OF ACQUISITION
Source of stock number/acquisition DBAD/PUB
082 ## - DEWEY DECIMAL CLASSIFICATION NUMBER
Classification number 915.41
245 ## - TITLE STATEMENT
Title An anthology of writings on the Ganga :
Statement of responsibility, etc edited by Assa Doron, Richard Barz [and] Barbara Nelson
Remainder of title goddess and river in history, culture, and society /
260 ## - PUBLICATION, DISTRIBUTION, ETC. (IMPRINT)
Place of publication, distribution, etc New Delhi
Name of publisher, distributor, etc Oxford University Press
Date of publication, distribution, etc 2015
270 ## - ADDRESS
Address YMCA Library Building, 1, Jai Singh Road,
City New Delhi
Postal code 110001
300 ## - PHYSICAL DESCRIPTION
Extent xviii,356p. :
Dimensions 23cm(Hb)
Other physical details map(b&w)
500 ## - GENERAL NOTE
General note Contributed articles.
500 ## - GENERAL NOTE
General note Some translated from various languages.
500 ## - GENERAL NOTE
General note Includes bibliographical references and index.
650 ## - SUBJECT ADDED ENTRY--TOPICAL TERM
Topical term or geographic name as entry element Ganga (Hindu deity)
General subdivision Cults
Geographic subdivision India.
650 ## - SUBJECT ADDED ENTRY--TOPICAL TERM
Topical term or geographic name as entry element Water
General subdivision Religious aspects
-- Hinduism.
700 ## - ADDED ENTRY--PERSONAL NAME
Personal name Doron, Assa
700 ## - ADDED ENTRY--PERSONAL NAME
Personal name Barz, R. K.
700 ## - ADDED ENTRY--PERSONAL NAME
Personal name Nelson, Barbara
942 ## - ADDED ENTRY ELEMENTS (KOHA)
Source of classification or shelving scheme Dewey Decimal Classification
Item type English Books
Call number suffix ANT
Classification part 915.41
Holdings
Withdrawn status Lost status Not for loan Collection code Home library Current library Date acquired Source of acquisition Cost, normal purchase price Full call number Barcode Copy number Cost, replacement price Koha item type
    Not For Loan Non-fiction D.B.Act.Division D.B.Act.Division 06/02/2015 DBAD/PUB 895.00 915.41 ANT EN-95646 1 895.00 English Books

© Delhi Public Library
Hit Counter
free hit counter